01472njm a2200289Ia 450000100060000000300090000600500170001500800410003204000130007304000130008604100130009910000220011210000180013410000380015224500380019025000110022826000110023926000540025030000100030430000290031450003390034350501860068265000570086870000860092570000780101170000930108920423IT-RoPAU20220918181142.0131025s9999 xx 000 0 und d aIT-RoPAU cIT-RoPAU aITALIANO aCelentano Adriano eAutore musica gCodice autore musica SPICS: 10821 aMali del secolo (I) (Bfml-Lp 701) a1a ed. aMILANO bCLANc1972 [1a Ed.:1972 - Ed. Lingua Orig.: 1972] aDISCO c39 minuti (Testo: pag.) aArrangiatori e direttori: Mariano Detto, Massara Natale, De Luca Nando. La versione in lingua Celenta di "Quel Signore del piano di sopra" è di Adriano-Celentano; quella in lingua italiana è di Adriano Celentano, Beretta e Del Prete. Cantautore. Ecologia. Problemi sociali: droga, matrimonio. Messaggio cristiano. Canzone italiana aL'albero di trenta piani - Forse eri meglio di lei - La Ballata di Pinocchio - Disse - La siringhetta - L'ultimo degli uccelli - Quel Signore del piano di sopra - Ready Teddy (4:00) aCANZONE ITALIAN [DISCHI]eCodice MATERIA SPICS: 9950 aCelentano AdrianoeAutore testo e musicagCodice autore testo/musica SPICS: 10821 aMarascalcoeAutore musicagCodice autore musica SPICS: 24499pReady Teddy aBlackswell D.eAutore testo/musicagCodice autore testo/musica SPICS: 24636pReady Teddy